Leo Messi - najczęstsi koledzy z boiska - Statystyki

Ogólne statystyki
  • Ten quiz został rozwiązany 216 razy
  • Średni wynik to 12 z 20
Statystyki odpowiedzi
Występy Piłkarz % Poprawnych
206 Neymar
95%
275 Luis Suárez
93%
489 Andrés Iniesta
90%
399 Xavi
88%
506 Gerard Piqué
83%
369 Jordi Alba
78%
597 Sergio Busquets
78%
250 Marc-André ter Stegen
76%
269 Carles Puyol
75%
349 Dani Alves
70%
353 Víctor Valdés
68%
142 Ángel Di María
59%
414 Javier Mascherano
57%
277 Ivan Rakitic
56%
270 Pedro
44%
245 Sergi Roberto
35%
159 Éric Abidal
27%
125 Rafa Márquez
9%
161 Adriano
8%
161 Seydou Keita
5%
Nie znaleziono quizów pasujących do podanych kryteriów
Rozkład punktacji
Procent ludzi z każdym wynikiem
Percentyl według liczby udzielonych odpowiedzi
Twoja historia wyników
Nie rozwiązałeś tego quizu